000 005190000a22001090004500
100 1 _aVilla Chiappe, Santiago
245 1 0 _aEl pasado no perdona
300 _aVol.0, núm.21 (Junio, 2007), Páginas 20-21
520 _aCon la publicación de Tanta sangre vista, del escritor Rafael Baena, Arcadia se pregunta si estamos asistiendo, como asistió España en los años noventa, a un boom de novela histórica. En este reportaje hablan los protagonistas.
773 0 _tArcadia / Andrés Felipe Solano, Editor
942 _cANA
999 _c62206
_d62206